000 00448nam a2200181Ia 4500
003 GCL
008 140319s9999 xx 000 0 eng d
040 _aGCL /
_cGCL
082 0 4 _a445
_bN R
100 1 _aNATHAN
245 1 0 _aLE ROBERT & NATHAN CONJUNGAISON /
_cNATHAN
260 _a[S.N] :
_bNATHAN ،
_c1996
300 _a255 P
650 0 4 _aFRENCH LANGUAGE - GRAMMAR
650 0 4 _aFRENCH LANGUAGE
650 0 4 _aLANGUAGES
942 _2ddc
_cBK
999 _c16365
_d16365